000 00659nam a2200241Ia 4500
005 20250425160712.0
008 250425s9999 xx 000 0 und d
020 _a9701702670
041 _aspa
082 _a621.381535
100 _aCOUGHLIN, ROBERT F.
245 0 _aAMPLIFICADORES OPERACIONALES Y CIRCUITOS INTEGRADOS LINEALES
250 _a5A ED.
260 _aMEXICO
260 _aMéxico
_bPRENTICE-HALL
_c1999
300 _a518
650 _aAMPLIFICADORES OPERACIONALES
650 _aCIRCUITOS INTEGRADOS LINEALES
650 _aCONVERTIDORES ANALOGICOS/DIGITALES
650 _aFUENTES DE ALIMENTACION
942 _c01
010 _a2885
999 _c194434
_d194434